Henry Moore
সংরক্ষণ করুন:
| প্রধান লেখক: | |
|---|---|
| বিন্যাস: | গ্রন্থ |
| ভাষা: | স্প্যানিশ |
| প্রকাশিত: |
Buenos Aires
Viscontea
1980
|
| সংস্করন: | 1a. ed |
| মালা: | Los Grandes Escultores, 5
|
| বিষয়গুলি: | |
| ট্যাগগুলো: |
ট্যাগ যুক্ত করুন
কোনো ট্যাগ নেই, প্রথমজন হিসাবে ট্যাগ করুন!
|
MARC
| LEADER | 00000cam a2200000 a 4500 | ||
|---|---|---|---|
| 001 | UCJ9577 | ||
| 003 | CL-VaPUC | ||
| 008 | 070323e19800000AG |||||||||||||||||spa|d | ||
| 082 | 0 | 4 | |a 730.92 |b ZAM |2 21 |
| 100 | 0 | |a Zamboni, Silla |e author |9 519578 | |
| 245 | 1 | 0 | |a Henry Moore |
| 250 | |a 1a. ed | ||
| 300 | |a 16 p | ||
| 942 | |c BK | ||
| 945 | |d 20070323 00:00:00 |a cmena | ||
| 260 | |a Buenos Aires |b Viscontea |c 1980 | ||
| 600 | 0 | |a Moore, Henry, |d 1898-1986 |9 559354 | |
| 650 | 0 | |a Escultura |9 265737 | |
| 650 | 7 | |a ESCULTORES INGLESES |2 CL-VaPUC |9 498816 | |
| 650 | 0 | |a Artes visuales |9 336870 | |
| 583 | |a last modification |c 20140319 07:48:46 |k Rodrigo Vera | ||
| 490 | 0 | |a Los Grandes Escultores, 5 | |
| 999 | |c 325035 |d 325033 | ||
| 952 | |0 0 |1 0 |4 0 |6 730_920000000000000_ZAM_1980 |7 0 |8 A |9 405478 |a BIBART |b BIBART |d 2019-11-22 |i 4281373 |o 730.92 ZAM 1980 |p 4281373 |r 2025-03-13 |w 2019-11-22 |y BK |k ART | ||
| 952 | |0 0 |1 0 |3 erb |4 0 |6 730_920000000000000_ZAM_1980 |7 0 |8 A |9 405479 |a BIBART |b BIBART |i 5043905 |o 730.92 ZAM 1980 |p 5043905 |r 2025-03-13 |w 2019-11-22 |y BK |z Catalogado en:20140324 |k ART | ||